[Event "Play for Durgesh Fundraiser Blitz"]
[Site "Vishy Anand Arena"]
[Date "2020.09.19"]
[Round "3"]
[White "Ilamparthi"]
[Black "neshaqn"]
[Result "1-0"]
[WhiteElo "2149"]
[BlackElo "1845"]
[Annotator "NA"]
[PlyCount "93"]
[EventDate "2020.09.19"]
[EventType "swiss (blitz)"]

1. Nf3 Nf6 2. g3 g6 3. Bg2 Bg7 4. O-O O-O 5. d3 d6 6. c4 c5 7. Nc3 Nc6 8. Rb1 a6 9. Bd2 Rb8 10. a3 b5 11. cxb5 axb5 12. b4 cxb4 13. axb4 h6 14. Qc1 Kh7 15. Nxb5 Rxb5 16. Qxc6 Rb6 17. Qc2 Be6 18. Nd4 Bd7 19. Rfc1 Qb8 20. Qa2 e5 21. Nc6 Bxc6 22. Bxc6 h5 23. b5 Bh6 24. Bxh6 Kxh6 25. Ra1 Qd8 26. Qd2+ Kg7 27. Ra6 Rxa6 28. bxa6 Qb6 29. Qa2 Ng4 30. e3 Qa7 31. Kg2 Rc8 32. h3 Nf6 33. Rc2 Rb8 34. Qc4 Rb6 35. Bb7 d5 36. Qc5 h4 37. d4 exd4 38. Qxd4 hxg3 39. fxg3 Rxb7 40. axb7 Qxb7 41. Rf2 Qe7 42. g4 Qe6 43. g5 Kf8 44. Rxf6 Qe7 45. Rf4 Qb7 46. Qh8+ Ke7 47. Rxf7+ 1-0

[Event "Play for Durgesh Fundraiser Blitz"]
[Site "Vishy Anand Arena"]
[Date "2020.09.19"]
[Round "3"]
[White "Aaryan Varshney"]
[Black "Hrishikeshrr"]
[Result "1-0"]
[WhiteElo "2141"]
[BlackElo "1696"]
[PlyCount "75"]
[EventDate "2020.09.19"]
[EventType "swiss (blitz)"]

1. d4 Nf6 2. c4 g6 3. Nc3 d6 4. e4 Bg7 5. Nf3 O-O 6. Be2 e5 7. O-O Nc6 8. d5 Ne7 9. Ne1 Ne8 10. Be3 f5 11. f3 f4 12. Bf2 Rf7 13. Nd3 Bf8 14. c5 g5 15. Rc1 Ng6 16. Nb5 h5 17. cxd6 Nxd6 18. Nxa7 Bd7 19. Nc5 Be8 20. Ne6 Qb8 21. Kh1 b6 22. Nc6 Bxc6 23. Rxc6 Rxa2 24. Qb3 Qa7 25. Nxc7 Rxc7 26. Rxc7 Qxc7 27. Qxa2 g4 28. Qb3 g3 29. Bxb6 Qe7 30. h3 Qh4 31. Rc1 Nf7 32. d6 Kg7 33. d7 Be7 34. Bf1 Ng5 35. d8=Q Nxf3 36. Qdg8+ Kf6 37. Qbf7+ Kg5 38. Qfxg6# 1-0

[Event "Play for Durgesh Fundraiser Blitz"]
[Site "Vishy Anand Arena"]
[Date "2020.09.19"]
[Round "3"]
[White "Position"]
[Black "Shreyas59"]
[Result "1-0"]
[WhiteElo "2128"]
[BlackElo "1620"]
[Annotator "NA"]
[PlyCount "65"]
[EventDate "2020.09.19"]
[EventType "swiss (blitz)"]

1. e3 e5 2. d4 exd4 3. exd4 d5 4. Nf3 Nf6 5. h3 Bd6 6. Bd3 O-O 7. O-O h6 8. Re1 Nc6 9. c3 Be6 10. Qc2 Re8 11. Nbd2 Qd7 12. Bf1 Bf5 13. Qd1 Re7 14. Rxe7 Qxe7 15. Nb3 Re8 16. Be3 Ne4 17. Nbd2 Nd8 18. Qb3 c6 19. Re1 Qf6 20. Nxe4 Bxe4 21. Nd2 Bh7 22. Be2 b6 23. Bf3 Ne6 24. Qa4 Nf4 25. Qxc6 Nd3 26. Qxe8+ Bf8 27. Rf1 Qd6 28. c4 Nxb2 29. Bxd5 Bd3 30. Qxf7+ Kh7 31. Re1 Bxc4 32. Bxc4 Nxc4 33. Nxc4 1-0

[Event "Play for Durgesh Fundraiser Blitz"]
[Site "Vishy Anand Arena"]
[Date "2020.09.19"]
[Round "3"]
[White "Anirudhha"]
[Black "VRK"]
[Result "1-0"]
[WhiteElo "2107"]
[BlackElo "1536"]
[Annotator "NA"]
[PlyCount "105"]
[EventDate "2020.09.19"]
[EventType "swiss (blitz)"]

1. e4 c5 2. Nf3 d6 3. d4 cxd4 4. Nxd4 Nf6 5. Nc3 a6 6. f3 e5 7. Nb3 Be6 8. Be3 Be7 9. Be2 Nbd7 10. Qd2 O-O 11. O-O Nb6 12. a3 Nc4 13. Bxc4 Bxc4 14. Rfe1 Rc8 15. Rad1 Qd7 16. Kh1 Rfd8 17. f4 exf4 18. Bxf4 Qg4 19. Bg3 Nh5 20. Bf2 Nf4 21. Be3 Bg5 22. Nd4 h6 23. Nf3 Bf6 24. Bxf4 Qxf4 25. Qxf4 Be6 26. e5 dxe5 27. Rxd8+ Rxd8 28. Nxe5 Bg5 29. Qf2 Rd2 30. Re2 Rd8 31. Nd3 Bf6 32. Ne4 Bd4 33. Qg3 Bf5 34. Nd6 Be6 35. Nxb7 Rc8 36. Nd6 Rc6 37. Ne4 Bc4 38. h3 Rg6 39. Qf3 Be6 40. Nec5 Bc4 41. Qa8+ Kh7 42. Qe4 Bxd3 43. Qxd3 Bxc5 44. b4 Bb6 45. c4 Kg8 46. c5 Bc7 47. Re8+ Kh7 48. Re7 Bf4 49. Rxf7 Bg5 50. c6 h5 51. c7 Kh6 52. c8=Q Rd6 53. Qh8# 1-0

[Event "Play for Durgesh Fundraiser Blitz"]
[Site "Vishy Anand Arena"]
[Date "2020.09.19"]
[Round "3"]
[White "EvilGenius_04"]
[Black "Francy29"]
[Result "0-1"]
[WhiteElo "2089"]
[BlackElo "2002"]
[Annotator "NA"]
[PlyCount "66"]
[EventDate "2020.09.19"]
[EventType "swiss (blitz)"]

1. e4 e5 2. Nf3 Nc6 3. Bc4 Bc5 4. O-O Nf6 5. d4 Bxd4 6. Nxd4 Nxd4 7. f4 d6 8. fxe5 dxe5 9. Bg5 Qe7 10. c3 Ne6 11. Bxf6 gxf6 12. Qf3 Qc5+ 13. Kh1 Qxc4 14. Qxf6 Rf8 15. Nd2 Qc6 16. Qxe5 Bd7 17. Qf6 Qd6 18. Rad1 Qe7 19. Qxe7+ Kxe7 20. e5 Bc6 21. Nf3 Rad8 22. Nd4 Nxd4 23. cxd4 Bd5 24. b3 Rg8 25. Rf2 Rg4 26. Kg1 Rdg8 27. g3 h5 28. Rd3 h4 29. Kf1 hxg3 30. hxg3 Rxg3 31. Ke2 Rxd3 32. Kxd3 Rg3+ 33. Kc2 Rg2 0-1

[Event "Play for Durgesh Fundraiser Blitz"]
[Site "Vishy Anand Arena"]
[Date "2020.09.19"]
[Round "3"]
[White "Mithil"]
[Black "Sairam Ramabadra"]
[Result "1-0"]
[WhiteElo "2065"]
[BlackElo "1789"]
[Annotator "NA"]
[PlyCount "123"]
[EventDate "2020.09.19"]
[EventType "swiss (blitz)"]

1. d4 d5 2. c4 e6 3. Nf3 Nf6 4. e3 Bd6 5. Bd3 c6 6. b3 O-O 7. Nbd2 Nbd7 8. Bb2 Re8 9. O-O e5 10. dxe5 Nxe5 11. Nxe5 Bxe5 12. Qc2 dxc4 13. Bxc4 Bxb2 14. Qxb2 Be6 15. Bxe6 Rxe6 16. Nc4 Ne4 17. Rad1 Qh4 18. Rd7 Rh6 19. h3 Ng5 20. Rfd1 Rf8 21. Kf1 Nxh3 22. gxh3 Qxh3+ 23. Ke1 Rg6 24. Qd4 Rg1+ 25. Kd2 Rxd1+ 26. Kxd1 Qf1+ 27. Kc2 Qxf2+ 28. Qd2 Qf5+ 29. Qd3 Qf2+ 30. Nd2 Qf6 31. Rxb7 Rd8 32. Rd7 Rxd7 33. Qxd7 h5 34. Qxa7 h4 35. Qd4 Qf5+ 36. Qe4 Qf2 37. Qxc6 Qf5+ 38. Qe4 Qc8+ 39. Kb2 h3 40. a4 h2 41. Qg2 Qc7 42. Nc4 Qd7 43. Qxh2 g5 44. Qd2 Qxd2+ 45. Nxd2 g4 46. Nf1 g3 47. Kc2 f5 48. Nxg3 Kf7 49. Nxf5 Kf6 50. Nd4 Ke5 51. Kd3 Kd5 52. a5 Kd6 53. e4 Kc7 54. Kc4 Kb8 55. e5 Ka7 56. e6 Ka6 57. e7 Kxa5 58. e8=Q Kb6 59. Qc6+ Ka7 60. Nb5+ Kb8 61. Qc7+ Ka8 62. Qa7# 1-0

[Event "Play for Durgesh Fundraiser Blitz"]
[Site "Vishy Anand Arena"]
[Date "2020.09.19"]
[Round "3"]
[White "SymbolX"]
[Black "Audi_S_Tesla"]
[Result "0-1"]
[WhiteElo "2060"]
[BlackElo "1825"]
[Annotator "NA"]
[PlyCount "140"]
[EventDate "2020.09.19"]
[EventType "swiss (blitz)"]

1. c4 e5 2. g3 Nc6 3. Bg2 f5 4. Nc3 Nf6 5. e3 Bb4 6. Nd5 Bc5 7. Ne2 d6 8. O-O O-O 9. a3 a5 10. d4 Ba7 11. b3 Kh8 12. Bb2 e4 13. Nxf6 Qxf6 14. Qc2 Bd7 15. Nf4 Ne7 16. f3 exf3 17. Bxf3 c6 18. Rad1 Ng6 19. Ng2 Rae8 20. e4 Qe7 21. Rde1 f4 22. Nxf4 Nxf4 23. gxf4 Rxf4 24. Bg2 Rg4 25. Kh1 Qh4 26. e5 Bxd4 27. e6 Bc8 28. Bxd4 Rxd4 29. e7 Rf4 30. Qd2 Rxf1+ 31. Rxf1 Qxe7 32. Qxa5 h6 33. Qc3 Rf8 34. Rg1 Bf5 35. b4 Be4 36. h3 Qe6 37. Kh2 Bxg2 38. Rxg2 Rf6 39. b5 cxb5 40. cxb5 Qe4 41. Qc8+ Kh7 42. Qc3 Qf4+ 43. Qg3 b6 44. Qxf4 Rxf4 45. Rd2 Rf5 46. Kg3 Rxb5 47. Rxd6 Rb3+ 48. Kg4 g6 49. Rd7+ Kg8 50. Rd6 Kf7 51. Rd7+ Ke6 52. Rb7 Kf6 53. a4 h5+ 54. Kf4 Rb4+ 55. Kf3 g5 56. Rc7 Kf5 57. Rc6 Rb3+ 58. Kf2 h4 59. Rxb6 Rxb6 60. Ke3 Rb2 61. a5 Ra2 62. Kd4 Rxa5 63. Kc4 Ra3 64. Kb4 Rxh3 65. Kc4 Rg3 66. Kb4 h3 67. Kc4 Rg4+ 68. Kd3 h2 69. Kc3 h1=Q 70. Kc2 Qf3 0-1

[Event "Play for Durgesh Fundraiser Blitz"]
[Site "Vishy Anand Arena"]
[Date "2020.09.19"]
[Round "3"]
[White "ASB"]
[Black "Kaustuv Kundu"]
[Result "1/2-1/2"]
[WhiteElo "2043"]
[BlackElo "2216"]
[PlyCount "40"]
[EventDate "2020.09.19"]
[EventType "swiss (blitz)"]

1. d4 Nf6 2. Bf4 e6 3. e3 Be7 4. Nf3 O-O 5. Bd3 d6 6. c3 Nbd7 7. Nbd2 b6 8. Qe2 Bb7 9. e4 Re8 10. e5 dxe5 11. Nxe5 Nd5 12. Bxh7+ Kxh7 13. Qh5+ Kg8 14. Qxf7+ Kh7 15. Qg6+ Kg8 16. Nf7 Nxf4 17. Nh6+ Kh8 18. Nf7+ Kg8 19. Nh6+ Kh8 20. Nf7+ Kg8 1/2-1/2

[Event "Play for Durgesh Fundraiser Blitz"]
[Site "Vishy Anand Arena"]
[Date "2020.09.19"]
[Round "3"]
[White "Toosieslide"]
[Black "Thor_attack"]
[Result "1-0"]
[WhiteElo "2025"]
[BlackElo "1882"]
[PlyCount "71"]
[EventDate "2020.09.19"]
[EventType "swiss (blitz)"]

1. d4 Nf6 2. c4 e6 3. g3 c5 4. Nf3 cxd4 5. Nxd4 Nc6 6. Nc3 Bb4 7. Bg2 O-O 8. O-O a6 9. Nxc6 bxc6 10. Qc2 d5 11. Rd1 h6 12. b3 a5 13. Bb2 Bxc3 14. Bxc3 a4 15. e4 axb3 16. axb3 Rxa1 17. Bxa1 Bb7 18. Bxf6 Qxf6 19. exd5 cxd5 20. cxd5 exd5 21. Bxd5 Bxd5 22. Rxd5 Re8 23. Rd1 Qb6 24. Qd3 Rb8 25. Qc2 g6 26. Rb1 Qb4 27. Qb2 Rd8 28. Rc1 Kh7 29. Rc4 Qe1+ 30. Kg2 Rd1 31. Qf6 Qh1+ 32. Kh3 Qd5 33. Rf4 Qh5+ 34. Kg2 Qd5+ 35. Rf3 Kg8 36. Qc3 1-0

[Event "Play for Durgesh Fundraiser Blitz"]
[Site "Vishy Anand Arena"]
[Date "2020.09.19"]
[Round "3"]
[White "Aditya_dpawn"]
[Black "Mukunda2507"]
[Result "1-0"]
[WhiteElo "2021"]
[BlackElo "1688"]
[Annotator "NA"]
[PlyCount "121"]
[EventDate "2020.09.19"]
[EventType "swiss (blitz)"]

1. e4 c5 2. Nf3 d6 3. d4 cxd4 4. Nxd4 Nf6 5. Nc3 Nc6 6. Nb3 g6 7. Be2 Bg7 8. Be3 O-O 9. f4 Be6 10. g4 Qc8 11. f5 Bxb3 12. axb3 Rd8 13. O-O Ne5 14. g5 Ne8 15. Nd5 Qd7 16. Bxa7 e6 17. Nb6 Qc6 18. Nxa8 Rxa8 19. Be3 Rxa1 20. Qxa1 Qxe4 21. Qc1 exf5 22. Rf4 Qc6 23. c4 h6 24. h4 Nc7 25. b4 Ne6 26. b5 Nxf4 27. Bxf4 Qc5+ 28. Be3 Qc7 29. b4 hxg5 30. hxg5 f6 31. gxf6 Bxf6 32. c5 dxc5 33. bxc5 Ng4 34. Bf4 Bd4+ 35. Kg2 Qe7 36. Qc4+ Kh7 37. Bxg4 Qe4+ 38. Bf3 Qxf4 39. Qf7+ Kh6 40. Qf8+ Kg5 41. Qe7+ Bf6 42. Qe1 Qh4 43. Qxh4+ Kxh4 44. Bxb7 Be5 45. c6 g5 46. b6 f4 47. c7 f3+ 48. Bxf3 g4 49. Bxg4 Kg5 50. c8=Q Bc7 51. b7 Kf4 52. Qd7 Ke3 53. Qf5 Kd2 54. Qf3 Kc2 55. Qe2+ Kb1 56. Qb5+ Ka1 57. Qc6 Ka2 58. Qxc7 Kb2 59. Qc6 Ka3 60. b8=Q Ka2 61. Qca8# 1-0

[Event "Play for Durgesh Fundraiser Blitz"]
[Site "Vishy Anand Arena"]
[Date "2020.09.19"]
[Round "3"]
[White "Junosource"]
[Black "loss2win"]
[Result "1-0"]
[WhiteElo "2014"]
[BlackElo "1927"]
[Annotator "NA"]
[PlyCount "130"]
[EventDate "2020.09.19"]
[EventType "swiss (blitz)"]

1. d4 d5 2. c4 c6 3. Nf3 Nf6 4. g3 e6 5. Bg2 Be7 6. O-O O-O 7. Qd3 Nbd7 8. Nc3 b6 9. e4 dxe4 10. Nxe4 Nxe4 11. Qxe4 Bb7 12. Rd1 Nf6 13. Qc2 Qc7 14. Bf4 Bd6 15. Bxd6 Qxd6 16. c5 Qc7 17. Ne5 Rac8 18. Nc4 Rfd8 19. Nd6 Rxd6 20. cxd6 Qxd6 21. Rac1 h6 22. a3 Rc7 23. Qa4 a5 24. b4 axb4 25. Qxb4 Qxb4 26. axb4 Kf8 27. b5 Ke7 28. Bxc6 Bxc6 29. Rxc6 Rxc6 30. bxc6 Kd6 31. Ra1 Kxc6 32. Ra7 Nd7 33. Kf1 f6 34. Ke2 h5 35. Kd2 g6 36. Kc3 Kd6 37. Kb4 Kc6 38. f3 Kd6 39. Kb5 e5 40. dxe5+ Nxe5 41. f4 Ng4 42. Ra2 Ke6 43. Kxb6 Kf5 44. Re2 h4 45. Kc5 hxg3 46. hxg3 g5 47. fxg5 fxg5 48. Kd4 Nf6 49. Rf2+ Ke6 50. Rf1 Ng4 51. Ke4 Nf6+ 52. Kf3 Kf5 53. Ra1 Kg6 54. Ra6 Kf7 55. Ke3 Kg7 56. Kd4 Nh5 57. Ra3 Kf6 58. Ke4 Kg6 59. Ke5 g4 60. Ke4 Kf6 61. Rb3 Kg6 62. Ke5 Kg5 63. Ke6 Ng7+ 64. Ke7 Nh5 65. Kf7 Kh6 1-0

[Event "Play for Durgesh Fundraiser Blitz"]
[Site "Vishy Anand Arena"]
[Date "2020.09.19"]
[Round "3"]
[White "Stark11"]
[Black "Duvvaabbulu"]
[Result "1-0"]
[WhiteElo "1978"]
[BlackElo "1711"]
[Annotator "NA"]
[PlyCount "29"]
[EventDate "2020.09.19"]
[EventType "swiss (blitz)"]

1. e4 d6 2. Nc3 Nf6 3. f4 Nbd7 4. Nf3 e5 5. Bc4 Be7 6. d3 c6 7. O-O O-O 8. Kh1 b5 9. Bb3 a5 10. a4 Qc7 11. axb5 Nc5 12. Bc4 Bg4 13. bxc6 Qxc6 14. Nd5 Qc7 15. Nxc7 1-0

[Event "Play for Durgesh Fundraiser Blitz"]
[Site "Vishy Anand Arena"]
[Date "2020.09.19"]
[Round "3"]
[White "Legacyplayer"]
[Black "mightyqueen"]
[Result "1-0"]
[WhiteElo "1966"]
[BlackElo "1751"]
[PlyCount "81"]
[EventDate "2020.09.19"]
[EventType "swiss (blitz)"]

1. d4 Nf6 2. c4 e6 3. Nc3 Bb4 4. Qc2 c5 5. dxc5 Bxc5 6. Nf3 Nc6 7. a3 O-O 8. Bg5 h6 9. Bh4 Nd4 10. Nxd4 Bxd4 11. e3 Bxc3+ 12. Qxc3 Ne4 13. Bxd8 Nxc3 14. Be7 Re8 15. Bb4 Ne4 16. Bd3 d5 17. cxd5 exd5 18. f3 Nf6 19. Kf2 b6 20. Bc3 Nd7 21. b4 Bb7 22. Rhd1 Rac8 23. Rac1 Rc6 24. Bb5 Rc7 25. Bxg7 Rxc1 26. Rxc1 Kxg7 27. Bxd7 Rd8 28. Bb5 a6 29. Bd3 Rd7 30. Bf5 Re7 31. Bc8 Bxc8 32. Rxc8 a5 33. b5 Re6 34. Rc6 Re7 35. Rxb6 Rc7 36. Rc6 Rb7 37. a4 f5 38. Ke2 h5 39. b6 Kf7 40. Rc7+ Rxc7 41. bxc7 1-0

[Event "Play for Durgesh Fundraiser Blitz"]
[Site "Vishy Anand Arena"]
[Date "2020.09.19"]
[Round "3"]
[White "Furace"]
[Black "Deer"]
[Result "1-0"]
[WhiteElo "1964"]
[BlackElo "1544"]
[PlyCount "73"]
[EventDate "2020.09.19"]
[EventType "swiss (blitz)"]

1. e4 c5 2. c3 d6 3. d4 cxd4 4. cxd4 Nf6 5. Nc3 Nc6 6. h3 g6 7. Nf3 Bg7 8. Bd3 O-O 9. O-O a6 10. Re1 b5 11. Bg5 b4 12. Nd5 Nxd5 13. exd5 Nxd4 14. Bxe7 Nxf3+ 15. Qxf3 Qc7 16. Rac1 Qb6 17. Bxf8 Kxf8 18. Rc6 Qd8 19. b3 Bb7 20. Rc4 a5 21. Rec1 Bc3 22. R4xc3 bxc3 23. Rxc3 Rc8 24. Bc4 a4 25. Re3 axb3 26. axb3 Qb6 27. Qe4 Qd8 28. Qd4 Kg8 29. Qa7 Qc7 30. Qa4 Kg7 31. Re8 Bc6 32. Rxc8 Qxc8 33. Qxc6 Qd8 34. b4 Qb8 35. b5 Qd8 36. b6 Qb8 37. b7 1-0

[Event "Play for Durgesh Fundraiser Blitz"]
[Site "Vishy Anand Arena"]
[Date "2020.09.19"]
[Round "3"]
[White "Ccc2016"]
[Black "Dhanush2004"]
[Result "1-0"]
[WhiteElo "1955"]
[BlackElo "1661"]
[Annotator "NA"]
[PlyCount "57"]
[EventDate "2020.09.19"]
[EventType "swiss (blitz)"]

1. e4 e5 2. Nf3 Nc6 3. Nc3 Nf6 4. a3 Bc5 5. Nxe5 Nxe5 6. d4 Bxd4 7. Qxd4 Nc6 8. Qa4 d6 9. Bg5 Bd7 10. O-O-O O-O 11. Nd5 Ne5 12. Qb3 Be6 13. f4 Neg4 14. h3 Nf2 15. Bc4 Nxh1 16. Rxh1 Bxd5 17. Bxd5 c6 18. Bc4 Qc7 19. Bxf6 gxf6 20. Rf1 Rae8 21. Qg3+ Kh8 22. Qh4 Qe7 23. Bd3 Rg8 24. e5 Rg7 25. exf6 Qe3+ 26. Kb1 Rg6 27. Bxg6 fxg6 28. f7 Rf8 29. Qf6# 1-0

[Event "Play for Durgesh Fundraiser Blitz"]
[Site "Vishy Anand Arena"]
[Date "2020.09.19"]
[Round "3"]
[White "Suyash45"]
[Black "Santy18389"]
[Result "1-0"]
[WhiteElo "1955"]
[BlackElo "1734"]
[Annotator "NA"]
[PlyCount "89"]
[EventDate "2020.09.19"]
[EventType "swiss (blitz)"]

1. e4 e5 2. Nf3 Nc6 3. Bb5 Nf6 4. O-O Bc5 5. Re1 d6 6. d4 exd4 7. e5 dxe5 8. Rxe5+ Be7 9. Bxc6+ bxc6 10. Qxd4 O-O 11. Nc3 Be6 12. Bg5 Qc8 13. Rae1 h6 14. Bh4 Rd8 15. Qf4 Bd6 16. Bxf6 gxf6 17. Qxf6 Bxe5 18. Nxe5 Rd6 19. Qxh6 Qd8 20. Qe3 Qf6 21. Qg3+ Qg7 22. Ne4 Qxg3 23. hxg3 Rd5 24. Nxc6 Rb5 25. b3 Kf8 26. Nd4 Rb6 27. c4 c6 28. f4 Bg4 29. Nf6 Be6 30. Nxe6+ fxe6 31. Nd7+ Kf7 32. Nxb6 axb6 33. a4 b5 34. Rf1 bxa4 35. bxa4 Rxa4 36. f5 Rxc4 37. fxe6+ Kxe6 38. Rf4 Kd5 39. Rxc4 Kxc4 40. g4 Kb3 41. g5 c5 42. g6 c4 43. Kf2 c3 44. g7 c2 45. g8=Q+ 1-0

[Event "Play for Durgesh Fundraiser Blitz"]
[Site "Vishy Anand Arena"]
[Date "2020.09.19"]
[Round "3"]
[White "Kingofall"]
[Black "STRANGE"]
[Result "0-1"]
[WhiteElo "1929"]
[BlackElo "2410"]
[PlyCount "92"]
[EventDate "2020.09.19"]
[EventType "swiss (blitz)"]

1. e4 Nf6 2. e5 Nd5 3. d4 d6 4. Nf3 dxe5 5. Nxe5 c6 6. Bc4 g6 7. O-O Bg7 8. Re1 O-O 9. c3 Nd7 10. Bxd5 cxd5 11. Bf4 Re8 12. Nd2 Nxe5 13. Bxe5 f6 14. Bg3 e5 15. dxe5 fxe5 16. Nf3 e4 17. Nd4 Qb6 18. Qd2 Bd7 19. Re2 Rac8 20. Rd1 Bg4 21. h3 Bxe2 22. Qxe2 Rcd8 23. Bf4 Bxd4 24. cxd4 Qf6 25. Be5 Rxe5 26. dxe5 Qxe5 27. Qb5 b6 28. Qc6 d4 29. Re1 e3 30. fxe3 dxe3 31. Qf3 Re8 32. Re2 Kg7 33. Qb7+ Re7 34. Qf3 Qd4 35. Kh2 h5 36. g3 a5 37. h4 Qg4 38. Kg2 Qd4 39. Kh2 a4 40. a3 b5 41. Kg2 Qe5 42. Kh2 Rf7 43. Qxe3 Qxe3 44. Rxe3 Rf2+ 45. Kg1 Rxb2 46. Rf3 Rb3 0-1

[Event "Play for Durgesh Fundraiser Blitz"]
[Site "Vishy Anand Arena"]
[Date "2020.09.19"]
[Round "3"]
[White "Ramul"]
[Black "Prochamp27"]
[Result "1-0"]
[WhiteElo "1921"]
[BlackElo "1617"]
[Annotator "NA"]
[PlyCount "81"]
[EventDate "2020.09.19"]
[EventType "swiss (blitz)"]

1. e4 e5 2. Nf3 Nc6 3. Bb5 Nf6 4. O-O Bc5 5. c3 O-O 6. d4 exd4 7. cxd4 Bb4 8. a3 Be7 9. d5 Na5 10. b4 c6 11. Be2 cxd5 12. exd5 d6 13. bxa5 Qxa5 14. Bg5 Bf5 15. Nbd2 h6 16. Nc4 Qc7 17. Bxf6 Bxf6 18. Rc1 Qe7 19. Re1 Qd7 20. Nd4 Bxd4 21. Qxd4 Rfe8 22. Bd3 Rxe1+ 23. Rxe1 Bxd3 24. Qxd3 Re8 25. Rb1 b5 26. Na5 Qc7 27. Nc6 a6 28. g3 Qb6 29. Qd4 Qxd4 30. Nxd4 Re4 31. Nc6 Kh7 32. Nb4 Kg6 33. Nxa6 Kf5 34. Rxb5 Kg4 35. Rb4 Kf3 36. Rxe4 Kxe4 37. Nb4 Kd4 38. a4 Kc3 39. Nc6 Kb3 40. a5 Ka4 41. a6 1-0

[Event "Play for Durgesh Fundraiser Blitz"]
[Site "Vishy Anand Arena"]
[Date "2020.09.19"]
[Round "3"]
[White "Padmaesh M K"]
[Black "Anshuman Upadhyay"]
[Result "1-0"]
[WhiteElo "1919"]
[BlackElo "1435"]
[PlyCount "67"]
[EventDate "2020.09.19"]
[EventType "swiss (blitz)"]

1. Nf3 d5 2. d4 Nf6 3. e3 e6 4. Bd3 Be7 5. O-O O-O 6. b3 Nc6 7. Nbd2 b6 8. Bb2 Bb7 9. Ne5 Nxe5 10. dxe5 Ne8 11. f4 f6 12. Rf3 fxe5 13. Bxe5 Bf6 14. Rg3 Bxe5 15. fxe5 Qe7 16. Qh5 g6 17. Qh6 Qg7 18. Qh3 Qf7 19. Nf3 d4 20. exd4 Bxf3 21. Rxf3 Qg7 22. Raf1 Nd6 23. Rxf8+ Rxf8 24. Rxf8+ Qxf8 25. exd6 Qxd6 26. Qe3 Qe7 27. Bc4 Kf7 28. d5 exd5 29. Bxd5+ Kf8 30. Qxe7+ Kxe7 31. Bg8 h5 32. Bh7 g5 33. Bg6 h4 34. g3 1-0

[Event "Play for Durgesh Fundraiser Blitz"]
[Site "Vishy Anand Arena"]
[Date "2020.09.19"]
[Round "3"]
[White "Shubh_2007"]
[Black "Hmota"]
[Result "1-0"]
[WhiteElo "1901"]
[BlackElo "1333"]
[Annotator "NA"]
[PlyCount "107"]
[EventDate "2020.09.19"]
[EventType "swiss (blitz)"]

1. e4 e5 2. Nf3 Nc6 3. Bc4 h6 4. O-O Nf6 5. d4 d6 6. dxe5 dxe5 7. Qxd8+ Kxd8 8. Nc3 Bb4 9. Bd2 Bxc3 10. Bxc3 Bd7 11. Rfe1 a6 12. Nxe5 Nxe5 13. Bxe5 b5 14. Bf1 Re8 15. Bxf6+ gxf6 16. Rad1 c6 17. g3 Re6 18. Bg2 Rc8 19. Bh3 Re7 20. Bxd7 Rxd7 21. Rxd7+ Kxd7 22. f4 Ke6 23. Kf2 Rd8 24. Ke2 c5 25. Rd1 Rxd1 26. Kxd1 f5 27. e5 f6 28. exf6 Kxf6 29. Ke2 Ke6 30. Ke3 Kd5 31. b3 a5 32. h3 c4 33. g4 fxg4 34. hxg4 cxb3 35. cxb3 a4 36. Kd3 axb3 37. axb3 b4 38. g5 Ke6 39. gxh6 Kf6 40. Kc4 Kg6 41. Kxb4 Kxh6 42. Kc5 Kg6 43. b4 Kf5 44. b5 Kxf4 45. b6 Ke4 46. b7 Kd3 47. b8=Q Ke3 48. Qe5+ Kd3 49. Qf4 Kc3 50. Qe3+ Kb2 51. Kc4 Kb1 52. Qe2 Ka1 53. Kb3 Kb1 54. Qe1# 1-0

[Event "Play for Durgesh Fundraiser Blitz"]
[Site "Vishy Anand Arena"]
[Date "2020.09.19"]
[Round "3"]
[White "MMT2007"]
[Black "HRICK2008"]
[Result "1-0"]
[WhiteElo "1895"]
[BlackElo "1533"]
[Annotator "NA"]
[PlyCount "75"]
[EventDate "2020.09.19"]
[EventType "swiss (blitz)"]

1. d4 Nf6 2. c4 c5 3. d5 b5 4. a4 b4 5. b3 g6 6. Bb2 Bg7 7. Nd2 O-O 8. e4 e6 9. e5 Ne8 10. f4 d6 11. dxe6 fxe6 12. Qf3 d5 13. cxd5 exd5 14. Rc1 Nd7 15. Qxd5+ Kh8 16. Qxa8 Rxf4 17. Ngf3 Qc7 18. Be2 Nb6 19. Qxc8 Qxc8 20. O-O Nd5 21. Nc4 Qg4 22. Rcd1 Nec7 23. h3 Qg3 24. Bc1 Rf8 25. Bd2 a6 26. Be1 Qf4 27. e6 Nxe6 28. Rxd5 Bd4+ 29. Nxd4 Qc1 30. Rxf8+ Nxf8 31. Nf3 Kg7 32. Kh2 Qa3 33. Bg3 Qa2 34. Be5+ Kh6 35. Bd3 Qxb3 36. Bf4+ g5 37. Nxg5 Kg7 38. Rd7+ 1-0

[Event "Play for Durgesh Fundraiser Blitz"]
[Site "Vishy Anand Arena"]
[Date "2020.09.19"]
[Round "3"]
[White "Namitbir Singh"]
[Black "NJ2004"]
[Result "1-0"]
[WhiteElo "1894"]
[BlackElo "1639"]
[Annotator "NA"]
[PlyCount "49"]
[EventDate "2020.09.19"]
[EventType "swiss (blitz)"]

1. e4 c6 2. d4 d5 3. Nc3 dxe4 4. Nxe4 Bf5 5. Ng3 Bg6 6. h4 h6 7. Nf3 Nf6 8. h5 Bh7 9. Bd3 Bxd3 10. Qxd3 e6 11. Bd2 Be7 12. O-O-O O-O 13. Ne4 Qc7 14. g4 Nxg4 15. Rdg1 Nxf2 16. Nxf2 Bf6 17. Bxh6 Kh8 18. Be3 Nd7 19. Ne4 Rad8 20. Neg5 Bxg5 21. Nxg5 Nf6 22. Rf1 Rd5 23. Rxf6 Rxg5 24. Bxg5 gxf6 25. Bxf6+ 1-0

[Event "Play for Durgesh Fundraiser Blitz"]
[Site "Vishy Anand Arena"]
[Date "2020.09.19"]
[Round "3"]
[White "Atri Chattopadhyay"]
[Black "Suryamnaik"]
[Result "0-1"]
[WhiteElo "1883"]
[BlackElo "1698"]
[Annotator "NA"]
[PlyCount "152"]
[EventDate "2020.09.19"]
[EventType "swiss (blitz)"]

1. e4 c5 2. c3 Nf6 3. e5 Nd5 4. d4 cxd4 5. cxd4 e6 6. Bd3 b6 7. Nf3 Bb7 8. O-O Be7 9. Bd2 O-O 10. Nc3 d6 11. Nxd5 Bxd5 12. Qe2 Nd7 13. Be4 Bxe4 14. Qxe4 dxe5 15. dxe5 Nc5 16. Qe2 Qd3 17. Qxd3 Nxd3 18. Bc3 Rfd8 19. Rab1 Rac8 20. Rfd1 Bc5 21. Rd2 Nf4 22. Rbd1 Ne2+ 23. Kf1 Rxd2 24. Bxd2 Nd4 25. Be3 Nxf3 26. Bxc5 bxc5 27. gxf3 Kf8 28. Rd7 Rb8 29. Rxa7 Rxb2 30. a4 Rb3 31. Ke2 Ra3 32. a5 c4 33. a6 c3 34. Kd3 g5 35. h3 Kg7 36. Ra8 h5 37. Kc2 Kh7 38. Ra7 Kg7 39. Kd3 Kg6 40. Ra8 Kg7 41. a7 Kh7 42. Kc2 Kg7 43. Rc8 Rxa7 44. Rxc3 Ra5 45. Re3 Kg6 46. Kd3 Kf5 47. Kd4 Rd5+ 48. Kc4 Rxe5 49. Ra3 Re2 50. Ra5+ e5 51. Ra7 f6 52. Kd3 Rxf2 53. Ke3 Rh2 54. Ra4 Rxh3 55. Rb4 e4 56. Rb5+ Kg6 57. Kxe4 Rh4+ 58. Ke3 Rh2 59. Rb6 h4 60. Rb1 Kh5 61. Rb8 Rh3 62. Rh8+ Kg6 63. Rg8+ Kh7 64. Rb8 Kh6 65. Rb7 Kg6 66. Kf2 Kf5 67. Kg2 Kg6 68. Kxh3 Kh5 69. Rh7+ Kg6 70. Ra7 Kf5 71. Kg2 Kf4 72. Kf2 Kf5 73. Ra4 Kg6 74. Ra5 Kh5 75. Kg2 Kg6 76. Kh3 Kh7 0-1

[Event "Play for Durgesh Fundraiser Blitz"]
[Site "Vishy Anand Arena"]
[Date "2020.09.19"]
[Round "3"]
[White "knowledge_gm"]
[Black "Sohammdh"]
[Result "1-0"]
[WhiteElo "1882"]
[BlackElo "1709"]
[Annotator "NA"]
[PlyCount "109"]
[EventDate "2020.09.19"]
[EventType "swiss (blitz)"]

1. e4 c5 2. Nf3 d6 3. Bb5+ Bd7 4. Bxd7+ Qxd7 5. c4 Nc6 6. Nc3 g6 7. d4 cxd4 8. Nxd4 Bg7 9. Be3 Nf6 10. f3 O-O 11. O-O Ne5 12. Qe2 Rac8 13. b3 Nc6 14. Rfd1 Nxd4 15. Bxd4 Rfd8 16. Rac1 b6 17. Nd5 Nxd5 18. exd5 Bxd4+ 19. Rxd4 Qf5 20. Re1 Re8 21. Re4 Rc7 22. Qd2 a5 23. R1e3 Rd7 24. Qe2 Kg7 25. Kf2 h6 26. Rxe7 Rdxe7 27. Rxe7 Rxe7 28. Qxe7 Qf4 29. g3 Qd2+ 30. Qe2 Qd4+ 31. Kg2 h5 32. h3 h4 33. gxh4 Qxh4 34. Qb2+ f6 35. Qd2 g5 36. Qe3 Qf4 37. Qxf4 gxf4 38. h4 Kg6 39. Kh3 Kh5 40. a3 f5 41. b4 axb4 42. axb4 Kg6 43. h5+ Kxh5 44. c5 bxc5 45. bxc5 Kg6 46. c6 Kf7 47. c7 Ke7 48. c8=Q Kf7 49. Qe6+ Kg7 50. Qxd6 Kg8 51. Qe6+ Kh8 52. d6 Kh7 53. Qe7+ Kh8 54. d7 Kg8 55. d8=R# 1-0

[Event "Play for Durgesh Fundraiser Blitz"]
[Site "Vishy Anand Arena"]
[Date "2020.09.19"]
[Round "3"]
[White "Kushal Jani"]
[Black "Pradosh"]
[Result "1-0"]
[WhiteElo "1870"]
[BlackElo "1620"]
[Annotator "NA"]
[PlyCount "43"]
[EventDate "2020.09.19"]
[EventType "swiss (blitz)"]

1. Nf3 d5 2. g3 e6 3. Bg2 Nc6 4. O-O Nf6 5. c4 Bd6 6. d4 O-O 7. Nc3 dxc4 8. e4 Be7 9. a3 b6 10. d5 exd5 11. exd5 Na5 12. Nd4 c5 13. dxc6 Bc5 14. c7 Qxc7 15. Bxa8 Bg4 16. Bg2 Bxd1 17. Ndb5 Qd7 18. Rxd1 Qe7 19. Bg5 a6 20. Nd5 Qe6 21. Nbc7 Bd6 22. Nxe6 1-0